Converging disensus cultural transformations and corporate cultures: Canada and the Americas /

El libro examina las transformaciones culturales y las culturas corporativas en Canadá y las Américas, centrándose en cómo se abordan las diferencias culturales en un entorno corporativo y cómo esto afecta la dinámica social y económica. El autor analiza cómo las organizaciones y empresas abordan la...

Descrizione completa

Salvato in:
Dettagli Bibliografici
Autore principale: Imbert, Patrick
Altri autori: ed.
Natura: testo
Lingua:Spanish
Pubblicazione: Ottawa: University of Ottawa
Soggetti:
Tags: Aggiungi Tag
Nessun Tag, puoi essere il primo ad aggiungerne!!

MARC

LEADER 00000 a a2200000 04500
001 39361
003 cru CIDCASI/IIS
005 20231011062613.0
008 191212b CN ||||| |||| 00| 0 spa d
020 |a 0-88927-285-9  
040 |c cru CIDCASI/IIS 
090 |a 05.02.03 I32c  
100 |a Imbert, Patrick  
245 |a Converging disensus cultural transformations and corporate cultures: Canada and the Americas /  |c Patrick Imbert 
260 |a Ottawa:   |b University of Ottawa  
300 |a 165 p.  
520 |a El libro examina las transformaciones culturales y las culturas corporativas en Canadá y las Américas, centrándose en cómo se abordan las diferencias culturales en un entorno corporativo y cómo esto afecta la dinámica social y económica. El autor analiza cómo las organizaciones y empresas abordan la diversidad cultural y cómo esto impacta en la construcción de identidades, la comunicación y las estrategias empresariales. El libro explora cómo las tensiones culturales y las diferencias pueden ser manejadas en un contexto de globalización y cambio cultural, y cómo estas cuestiones influyen en las prácticas corporativas y en la interacción entre las diferentes culturas presentes en la región. RAR 
650 7 |9 7422  |a DESARROLLO CULTURAL 
650 0 |9 5853  |a INDUSTRIA DE LA CULTURA 
650 0 |9 509  |a ACULTURACION 
650 0 |9 5167  |a CAMBIO CULTURAL  |2 OCDE 
650 0 |9 11642  |a DIVERSIDAD CULTURAL  |2 OCDE 
650 0 |9 4465  |a IDENTIDAD CULTURAL  |2 OCDE 
650 0 |9 196  |a COMUNICACION   |2 OCDE 
650 0 |9 388  |a GLOBALIZACION  |2 OCDE 
650 0 |a INTERACCION SOCIAL  |9 5299 
651 0 |2 OCDE  |9 4737  |a CANADA 
700 |a ed.  
942 |2 ddc  |c LI 
999 |c 9438  |d 9438